00795nam a2200217 a 4500001001000000005001700010008004100027020001500068040001800083050002400101100002800125245008600153260007300239300002400312500007300336500003400409504003100443600004200474650004300516700001800559BRCA_170720190320203521.0910912s1992 nyua---##b---#001-0#eng-# a0295972289 aDLCcDLCdDLC 4aTR647.K3b.M55 19921 aMillstein, Barbara Head10aConsuelo Kanagaban American PhotographercBarbara Head Millstein, Sarah M. Lowe. aBrooklyn, New YorkbBrooklyn Museum : University of Washingtonc1992 a223 p.bil.c27 cm. aCatálogo de la exposición realizada en The Brooklyn Museum, 1992 aIncluye índice alfabético aBibliografía: p. 212-21514aKanaga, Consuelod1894-xExposiciones14aFotografía artísticaxExposiciones1 aLowe, Sarah M